[Event "SVK-chT1E 1112"]
[Site "Slovakia"]
[Date "2011.10.15"]
[Round "1.5"]
[White "Kopnicky, Vladimir"]
[Black "Kopera, Michal"]
[Result "0-1"]
[WhiteElo "2104"]
[BlackElo "2091"]
[PlyCount "102"]
[EventDate "2011.10.15"]
[EventType "team-tourn"]
[EventRounds "11"]
[EventCountry "SVK"]
[SourceTitle "EXT 2013"]
[Source "ChessBase"]
[SourceDate "2012.11.22"]
[SourceVersion "1"]
[SourceVersionDate "2012.11.22"]
[SourceQuality "1"]
[WhiteTeam "Svit"]
[BlackTeam "Zilina Mladost"]
[WhiteTeamCountry "SVK"]
[BlackTeamCountry "SVK"]

1. Nf3 Nf6 2. d4 d5 3. c4 e6 4. Nc3 Be7 5. Bg5 0-0 6. e3 Nbd7 7. Bd3 dxc4 8. Bxc4 c5 9. 0-0 cxd4 10. exd4 Nb6 11. Bb3 Nbd5 12. Ne5 Bd7 13. Qf3 Bc6 14. Nxc6 bxc6 15. Rfd1 Rc8 16. Rac1 Qa5 17. Bh4 Nxc3 18. bxc3 c5 19. c4 cxd4 20. Rxd4 Rfd8 21. Rxd8+ Rxd8 22. Kf1 Qc5 23. Rd1 Rxd1+ 24. Qxd1 Ne4 25. Qe1 Bxh4 26. g3 Nxg3+ 27. hxg3 Be7 28. Qe4 g6 29. Ke2 Kg7 30. Ba4 Qb6 31. Qe5+ Bf6 32. Qb5 Bd4 33. f3 h5 34. f4 Qd6 35. Qd7 Qxd7 36. Bxd7 Kf6 37. Kf3 g5 38. fxg5+ Kxg5 39. Be8 f5 40. Bf7 e5 41. Be6 e4+ 42. Kg2 Kg4 43. a4 Bc5 44. Bd7 a5 45. Be6 Bd6 46. c5 Bxg3 47. c6 Bc7 48. Kf2 h4 49. Kg2 h3+ 50. Kh1 e3 51. Kg1 h2+ 0-1